<?xml version="1.0" encoding="UTF-8"?>
<record
    xmlns:xsi="http://www.w3.org/2001/XMLSchema-instance"
    xsi:schemaLocation="http://www.loc.gov/MARC21/slim http://www.loc.gov/standards/marcxml/schema/MARC21slim.xsd"
    xmlns="http://www.loc.gov/MARC21/slim">

  <leader>02366cam a22002895a 4500</leader>
  <controlfield tag="001">015470688</controlfield>
  <controlfield tag="003">OSt</controlfield>
  <controlfield tag="005">20151214131805.0</controlfield>
  <controlfield tag="008">090126s2010    enka   frb    001 0 eng d</controlfield>
  <datafield tag="020" ind1=" " ind2=" ">
    <subfield code="a">9780765622440 (cased)</subfield>
  </datafield>
  <datafield tag="020" ind1=" " ind2=" ">
    <subfield code="a">9780765622457 (pbk.)</subfield>
  </datafield>
  <datafield tag="040" ind1=" " ind2=" ">
    <subfield code="a">DLC</subfield>
    <subfield code="c">DLC</subfield>
    <subfield code="d">YDX</subfield>
    <subfield code="d">BWX</subfield>
    <subfield code="d">CDX</subfield>
    <subfield code="d">PMC</subfield>
    <subfield code="d">DLC</subfield>
    <subfield code="d">Uk</subfield>
    <subfield code="d">EG-ScBUE </subfield>
    <subfield code="b">eng</subfield>
  </datafield>
  <datafield tag="043" ind1=" " ind2=" ">
    <subfield code="a">d------</subfield>
  </datafield>
  <datafield tag="082" ind1="0" ind2="4">
    <subfield code="a">338.90091724</subfield>
    <subfield code="2">22</subfield>
    <subfield code="b">NAT</subfield>
  </datafield>
  <datafield tag="245" ind1="0" ind2="0">
    <subfield code="a">Nation building, state building, and economic development :</subfield>
    <subfield code="b">case studies and comparisons /</subfield>
    <subfield code="c">editor S. C. M. Paine.</subfield>
  </datafield>
  <datafield tag="260" ind1=" " ind2=" ">
    <subfield code="a">Oxon ;</subfield>
    <subfield code="a">New York :</subfield>
    <subfield code="b">Routledge / Taylor &amp; Francis Group,</subfield>
    <subfield code="c">2010.</subfield>
  </datafield>
  <datafield tag="300" ind1=" " ind2=" ">
    <subfield code="a">xiv, 330 p. :</subfield>
    <subfield code="b">ill. ;</subfield>
    <subfield code="c">24 cm.</subfield>
  </datafield>
  <datafield tag="500" ind1=" " ind2=" ">
    <subfield code="a">Index : p. 317-330.</subfield>
  </datafield>
  <datafield tag="504" ind1=" " ind2=" ">
    <subfield code="a">Includes bibliographical references.</subfield>
  </datafield>
  <datafield tag="505" ind1="0" ind2=" ">
    <subfield code="a">Nation building in India under British rule / Dietmar Rothermund -- France in Algeria : the heritage of violence / Kay Adamson -- The Philippines : the contested state / Amy Blitz -- Japanese puppet-state building in Manchukuo / S.C.M. Paine -- State and nation building in the Soviet Union under Vladimir Lenin and Joseph Stalin / Martin McCauley -- Mustafa Kemal Atat&#xFC;rk and the creation of the Turkish republic / Alexander Lyon Macfie -- Mao Zedong : utopian visions and practical realities / Warren Sun -- Nasser's Egypt : a quest for national power and prosperity / Kirk J. Beattie -- Underdevelopment in Haiti / Philippe R. Girard -- The incomplete state : the Dominican Republic, 1844-1961 / Frank Moya Pons -- Jordan : among three nationalisms / Philip Robins -- Nation-state building in Israel / Gregory Mahler -- State building and economic failure in North Korea / Charles K. Armstrong -- From anticommunist industrialization to civic democracy in South Korea / Kim Hyung-A -- Deconstruction in the Republic of the Congo / Mbow Amphas-Mampoua -- The three pillars of power in Gabon : ethnicity, family, and France / James F. Barnes -- The incomplete state and the alternate state in Papua New Guinea / Hank Nelson -- National identity and exclusion in Indonesia / Robert Cribb.</subfield>
  </datafield>
  <datafield tag="650" ind1=" " ind2="0">
    <subfield code="a">Nation-building</subfield>
    <subfield code="v">Case studies.</subfield>
    <subfield code="2">BUEsh</subfield>
  </datafield>
  <datafield tag="650" ind1=" " ind2="0">
    <subfield code="a">Economic development</subfield>
    <subfield code="x">Political aspects</subfield>
    <subfield code="v">Case studies.</subfield>
    <subfield code="2">BUEsh</subfield>
  </datafield>
  <datafield tag="651" ind1=" " ind2="0">
    <subfield code="a">Developing countries</subfield>
    <subfield code="x">Politics and government</subfield>
    <subfield code="v">Case studies.</subfield>
    <subfield code="2">BUEsh</subfield>
  </datafield>
  <datafield tag="653" ind1=" " ind2=" ">
    <subfield code="b">BUSECO</subfield>
    <subfield code="c">July2015</subfield>
    <subfield code="c">December2015</subfield>
  </datafield>
  <datafield tag="700" ind1="1" ind2=" ">
    <subfield code="a">Paine, S. C. M.,</subfield>
    <subfield code="d">1957-</subfield>
    <subfield code="e">editor.</subfield>
  </datafield>
  <datafield tag="942" ind1=" " ind2=" ">
    <subfield code="2">ddc</subfield>
  </datafield>
  <datafield tag="999" ind1=" " ind2=" ">
    <subfield code="c">20252</subfield>
    <subfield code="d">20224</subfield>
  </datafield>
  <datafield tag="952" ind1=" " ind2=" ">
    <subfield code="0">0</subfield>
    <subfield code="1">0</subfield>
    <subfield code="2">ddc</subfield>
    <subfield code="4">0</subfield>
    <subfield code="7">0</subfield>
    <subfield code="8">Baccah</subfield>
    <subfield code="a">MAIN</subfield>
    <subfield code="b">MAIN</subfield>
    <subfield code="c">1ST</subfield>
    <subfield code="d">2015-07-06</subfield>
    <subfield code="e">Purchase</subfield>
    <subfield code="g">406.00</subfield>
    <subfield code="h">23125</subfield>
    <subfield code="l">3</subfield>
    <subfield code="m">25</subfield>
    <subfield code="o">338.90091724 NAT</subfield>
    <subfield code="p">000039289</subfield>
    <subfield code="r">2025-07-15 00:00:00</subfield>
    <subfield code="s">2018-01-22</subfield>
    <subfield code="v">508.00</subfield>
    <subfield code="y">BB</subfield>
  </datafield>
</record>
